Hidtory and theory: (Record no. 1848605)

MARC details
000 -LEADER
fixed length control field 00869nam a22002417a 4500
005 - DATE AND TIME OF LATEST TRANSACTION
control field 20260428155002.0
008 - FIXED-LENGTH DATA ELEMENTS--GENERAL INFORMATION
fixed length control field 260428b |||||||| |||| 00| 0 eng d
020 ## - INTERNATIONAL STANDARD BOOK NUMBER
International Standard Book Number 9789352874644 (hbk)
037 ## - SOURCE OF ACQUISITION
Terms of availability REF
040 ## - CATALOGING SOURCE
Original cataloging agency CRL
Transcribing agency CRL
041 ## - LANGUAGE CODE
Source of code eng
Language code of text/sound track or separate title eng
084 ## - COLON CLASSIFICATION NUMBER
Classification number V2 Q9 (RR)
Assigning agency CRL
245 ## - TITLE STATEMENT
Title Hidtory and theory:
Remainder of title thestudy of state, institutions and the making of History
260 ## - PUBLICATION, DISTRIBUTION, ETC.
Place of publication, distribution, etc. Hyderabad, India:
Name of publisher, distributor, etc. Orient Blackswan Private Limited,
Date of publication, distribution, etc. 2019.
300 ## - PHYSICAL DESCRIPTION
Extent xxi, 338p.
365 ## - TRADE PRICE
Price amount 1805.00
Currency code INR
650 ## - SUBJECT ADDED ENTRY--TOPICAL TERM
Topical term or geographic name entry element History
650 ## - SUBJECT ADDED ENTRY--TOPICAL TERM
Topical term or geographic name entry element India History
700 ## - ADDED ENTRY--PERSONAL NAME
Personal name Sahu, Bhairabi Prasad
Relator term editor.
9 (RLIN) 1235859
700 ## - ADDED ENTRY--PERSONAL NAME
Personal name Veluthat, Kesavan
Relator term editor.
9 (RLIN) 864304
942 ## - ADDED ENTRY ELEMENTS (KOHA)
Source of classification or shelving scheme Colon Classification (CC)
Koha item type Reference
Classification part V2 Q9 (RR)
Suppress in OPAC No

No items available.

Copyright @ Delhi University Library System